=LDR 00000nam 2200000 4500 =001 INLIS000000000046439 =005 20150318163152.0 =006 =007 =008 =020 ##$$a 979-416-450-X =035 ##$$0010-031500000000211 =082 ##$$a 369.209 598 6-Kri-k =100 ##$$a Tim Penyusun =245 ##$$a Kris 45 Berjuang membela negara =260 ##$$a Jakarta $b Pustaka Sinar Harapan $c 1999 =300 ##$$a xxiv,339 Hlm $c 21 Cm =850 ##$$aNBPNMAT =990 ##$$a 0001/BPAP-NTB/20142015 =990 ##$$a 00089818